Hollinshead's functional anatomy of the limbs and back
Contents: Anatomical terminology, Tissues of the body, Organs and organ systems, General survey of the upper limb, The shoulder, The arm, Forearm and hand : general survey, Flexor forearms, Extensor forearm, Radioulnar and wrist movements...
Đã lưu trong:
| Hovedforfatter: | |
|---|---|
| Format: | Bog |
| Sprog: | Undetermined |
| Udgivet: |
St. Louis, Mo.
Saunders/Elsevier
2009
|
| Fag: | |
| Tags: |
Tilføj Tag
Ingen Tags, Vær først til at tagge denne postø!
|
| Thư viện lưu trữ: | Trung tâm Học liệu Trường Đại học Cần Thơ |
|---|
| LEADER | 00796nam a2200193Ia 4500 | ||
|---|---|---|---|
| 001 | CTU_219783 | ||
| 008 | 210402s9999 xx 000 0 und d | ||
| 082 | |a 611.98 | ||
| 082 | |b J52 | ||
| 100 | |a Jenkins, David B. | ||
| 245 | 0 | |a Hollinshead's functional anatomy of the limbs and back | |
| 245 | 0 | |c David B. Jenkins | |
| 260 | |a St. Louis, Mo. | ||
| 260 | |b Saunders/Elsevier | ||
| 260 | |c 2009 | ||
| 520 | |a Contents: Anatomical terminology, Tissues of the body, Organs and organ systems, General survey of the upper limb, The shoulder, The arm, Forearm and hand : general survey, Flexor forearms, Extensor forearm, Radioulnar and wrist movements... | ||
| 650 | |a Extremities (Anatomy),Kháng sinh (Anatomy) | ||
| 904 | |i Trúc | ||
| 980 | |a Trung tâm Học liệu Trường Đại học Cần Thơ | ||